EL código penal de México y sus reformas
Uloženo v:
| Hlavní autor: | |
|---|---|
| Médium: | Kniha |
| Jazyk: | španělština |
| Vydáno: |
Ciudad de México
Herrero Hermanos
1902
|
| Edice: | Códigos y Leyes Federales
|
| Témata: | |
| Tagy: |
Přidat tag
Žádné tagy, Buďte první, kdo vytvoří štítek k tomuto záznamu!
|
MARC
| LEADER | 00000nam a2200000 a 4500 | ||
|---|---|---|---|
| 001 | UCS0138 | ||
| 003 | CL-VaPUC | ||
| 008 | 970418e19020000MX |||||||||||||||||spa|d | ||
| 082 | 0 | 4 | |a 345.72 |b ROD |2 21 |
| 100 | 0 | |a Rodríguez, Ricardo |e author |9 383277 | |
| 245 | 1 | 3 | |a EL código penal de México y sus reformas |
| 300 | |a 482 p | ||
| 942 | |c BK | ||
| 945 | |d 19970418 00:00:00 |a paguirre | ||
| 260 | |a Ciudad de México |b Herrero Hermanos |c 1902 | ||
| 650 | 7 | |a DERECHO PENAL |2 CL-VaPUC |9 11 | |
| 650 | 0 | |a Códigos |9 352314 | |
| 650 | 0 | |a Delitos |9 224143 | |
| 650 | 0 | |a Criminología |9 256168 | |
| 650 | 0 | |a Responsabilidad penal |9 254899 | |
| 650 | 0 | |a Atenuantes |9 380889 | |
| 650 | 7 | |a DELITOS CONTRA LAS PERSONAS |2 CL-VaPUC |9 256124 | |
| 650 | 0 | |a Penas |9 255927 | |
| 650 | 0 | |a Aplicación de la pena |9 336797 | |
| 650 | 7 | |a DELITOS CONTRA LA SEGURIDAD DEL ESTADO |2 CL-VaPUC |9 383278 | |
| 651 | 0 | |a México |9 255269 | |
| 583 | |a last modification |c 19970418 00:00:00 |k Rodrigo Vera | ||
| 490 | 0 | |a Códigos y Leyes Federales | |
| 999 | |c 258383 |d 258381 | ||
| 952 | |0 0 |1 0 |4 0 |6 345_720000000000000_ROD_1902 |7 0 |8 X |9 282441 |a BIBDER |b BIBDER |d 2019-11-19 |i 183083K |o 345.72 ROD 1902 |p 183083K |r 2023-01-25 |w 2019-11-19 |y BK_X |k DER | ||